1624 1886 1275 1898 1325 1834 1235 1984 1946 1350 1602 1074 1268 1171 1538 1580 1285 1232 1715 1836 1686 1168 1519 1194 1297 1669 1080 1884 1826 1774 1505 1525 1819 1351 1888 1574 1856 1495 1894 1838 1233 1089 1251 1662 1028 1441 1789 1324 1724 1142 1862 1183 1459 1091 1368 1543 1436 1915 1606 1765 1011 1167 1171 1408 1167 1505 1267 1746 1367 1078 1767 1336 1254 1890 1827 1493 1860 1638 1151 1925 1597 1347 1118 1589 1931 1220 1289 1900 1807 1402 1444 1471 1555 1334 1155 1024 1689 1616 1465 BCNSPRNW ULIB Ver.6.0+V

เปลี่ยนเป็นภาษาไทย

Change to English
 แสดงรายละเอียดบรรณานุกรม
  กลับหน้าหลัก

Brief Record : Get Marc (ISO 2709) : E-mail record : QR code < ปิดหน้าต่าง
LEADER : 00000nam 2200000uu 4500
001    13399113049
003     ULIB
008    110922s2548||||th 000 0 tha d
020    9746140566 (ล.1)
050  4 PE1116.T6^bส719ภ ล.1 2548
245 10 ภาษาอังกฤษเพื่อการท่องเที่ยว =^bEnglish for tourism /^cปิยะนัฐ ด่านวิวัฒน์ ... [และคนอื่นฯ] ; สาขาวิชาศิลปศาสตร์ มหาวิทยาลัยสุโขทัยธรรมาธิราช
246 14 เอกสารการสอนชุดวิชาภาษาอังกฤษเพื่อการท่องเที่ยว
246 31 English for tourism
250    พิมพ์ครั้งที่ 8
260    นนทบุรี :^bสำนักพิมพ์มหาวิทยาลัยสุโขทัยธรรมาธิราช,^c2548
300    2 เล่ม :^bภาพประกอบ ;^c30 ซม.
500    เอกสารการสอนชุดวิชาภาษาอังกฤษเพื่อการท่องเที่ยว 11302หน่วยที่ 1-8, 9-15
591    LINA มี ล.1
650  4 ภาษาอังกฤษ^xตำราสำหรับชนต่างชาติ
650  4 ภาษาอังกฤษ^xบทสนทนาและวลี
651  7 ไทย^xภูมิประเทศและการท่องเที่ยว^xหนังสือนำเที่ยว
700 0  ปิยะนัฐ ด่านวิวัฒน์
710 2  มหาวิทยาลัยสุโขทัยธรรมาธิราช. ^bสาขาวิชาศิลปศาสตร์
945    ^p0^l0^i018549
995    ทศพร
999 ^a ทศพร
รายการนี้ยังไม่มีแท็ก
คุณยังไม่ได้ล็อกอิน คุณสามารถมีกิจกรรมร่วมกับเว็บไซต์ได้ แต่ต้องล็อกอินก่อน ::
  ล็อกอิน

รายการสื่อสารสนเทศ

ลำดับที่ ประเภท เลขเรียก/บาร์โค้ด สถานที่ สถานะ
- ไม่พบข้อมูล -

BibComment


ยังไม่เคยถูกคอมเมนท์

คอมเมนท์ทรัพยากรรายการนี้
  คอมเมนท์: ภาษาอังกฤษเพื่อกา..


 Copyright 2026. Bcnsprnw @Library